[Event "Rhein Main op-A 22nd"]
[Site "Bad Homburg"]
[Date "2019.06.23"]
[Round "7"]
[White "Bakiev, Diyor"]
[Black "Kessler, Soeren Sebastian"]
[Result "1/2-1/2"]
[WhiteElo "2123"]
[BlackElo "1964"]
[PlyCount "117"]
[EventDate "2019.06.19"]
[EventType "swiss"]
[EventRounds "9"]
[EventCountry "GER"]
[SourceTitle "EXT 2020"]
[Source "ChessBase"]
[SourceDate "2019.10.17"]
[SourceVersion "1"]
[SourceVersionDate "2019.10.17"]
[SourceQuality "1"]

1. e4 e5 2. Nf3 Nf6 3. d4 Nxe4 4. Bd3 d5 5. Nxe5 Nd7 6. Nxd7 Bxd7 7. 0-0 Bd6 8. Qf3 0-0 9. c4 f5 10. Bf4 dxc4 11. Bxc4+ Kh8 12. Nc3 Rc8 13. Rad1 Bxf4 14. Qxf4 Qg5 15. Qxg5 Nxg5 16. Rfe1 Rfe8 17. Nd5 Be6 18. h4 Ne4 19. f3 Bxd5 20. Bxd5 Nd6 21. Re5 g6 22. Rde1 c6 23. Be6 Rcd8 24. Kf2 Kg7 25. Bb3 Kf8 26. g4 fxg4 27. fxg4 Nf7 28. Rxe8+ Rxe8 29. Rxe8+ Kxe8 30. d5 c5 31. Ke3 Ke7 32. Kf4 Nd6 33. Kg5 Nf7+ 34. Kf4 Nd6 35. Bc2 Nf7 36. h5 Kf6 37. hxg6 hxg6 38. Be4 g5+ 39. Ke3 Ke5 40. b3 Nd6 41. Bf3 b6 42. Bg2 Ne8 43. d6 Nxd6 44. Bf3 Ne8 45. Kd3 Nc7 46. Kc4 Kd6 47. a4 a6 48. Kd3 Ke5 49. Kc4 Kf4 50. Be2 Ke3 51. Bd1 Kd2 52. Bf3 Ne6 53. Bd5 Nc7 54. Bf3 a5 55. Bb7 Ne6 56. Kb5 Nd4+ 57. Kxb6 Nxb3 58. Kb5 Kc3 59. Bd5 1/2-1/2

[Event "Rhein Main op-B 21st"]
[Site "Bad Homburg"]
[Date "2018.06.02"]
[Round "6"]
[White "Francke, Helmut"]
[Black "Kessler, Soeren Sebastian"]
[Result "1-0"]
[WhiteElo "1924"]
[BlackElo "1961"]
[PlyCount "97"]
[EventDate "2018.05.30"]
[EventType "swiss"]
[EventRounds "7"]
[EventCountry "GER"]
[SourceTitle "EXT 2019"]
[Source "ChessBase"]
[SourceDate "2018.10.10"]
[SourceVersion "1"]
[SourceVersionDate "2018.10.10"]
[SourceQuality "1"]

1. Nf3 d5 2. g3 Nf6 3. Bg2 e6 4. d3 Bd6 5. 0-0 b6 6. Nbd2 Bb7 7. c4 c5 8. cxd5 exd5 9. e4 dxe4 10. dxe4 Be7 11. Qc2 0-0 12. Re1 Nc6 13. a3 Re8 14. b3 Nd7 15. Bb2 Qc7 16. e5 Nf8 17. h4 Ne6 18. Ne4 h6 19. Qc3 Ncd4 20. Rac1 Rad8 21. Qe3 Nf5 22. Qc3 Qc6 23. h5 Rd7 24. Qc2 Nfd4 25. Nxd4 Nxd4 26. Bxd4 Kf8 27. Bb2 c4 28. Qxc4 Bc5 29. Rcd1 Red8 30. Qf1 Ba6 31. Nxc5 Qxc5 32. Qxa6 Rxd1 33. Qf1 Qc2 34. Bc3 Rxe1 35. Bxe1 Rd1 36. Bf3 Rb1 37. Kh2 Kg8 38. Qb5 Rxe1 39. Qe8+ Kh7 40. Qxf7 Qxf2+ 41. Kh3 Qe3 42. Bd5 Rh1+ 43. Bxh1 Qxe5 44. Bd5 Qb8 45. Qg6+ Kh8 46. Be4 Kg8 47. Qe6+ Kh8 48. Bf5 Qd8 49. Qc8 1-0

[Event "Rhein Main op-B 21st"]
[Site "Bad Homburg"]
[Date "2018.05.31"]
[Round "2"]
[White "Ross, Norbert"]
[Black "Kessler, Soeren Sebastian"]
[Result "1/2-1/2"]
[WhiteElo "1774"]
[BlackElo "1961"]
[PlyCount "59"]
[EventDate "2018.05.30"]
[EventType "swiss"]
[EventRounds "7"]
[EventCountry "GER"]
[SourceTitle "EXT 2019"]
[Source "ChessBase"]
[SourceDate "2018.10.10"]
[SourceVersion "1"]
[SourceVersionDate "2018.10.10"]
[SourceQuality "1"]

1. d4 d5 2. c4 e6 3. Nc3 c6 4. e4 dxe4 5. Nxe4 Bb4+ 6. Bd2 Qxd4 7. Bxb4 Qxe4+ 8. Ne2 Na6 9. Bf8 Ne7 10. Bxg7 Nb4 11. Qd6 Nc2+ 12. Kd2 Nf5 13. Qd3 Qxd3+ 14. Kxd3 Nb4+ 15. Kc3 Nxa2+ 16. Rxa2 Nxg7 17. c5 e5 18. Ng3 Be6 19. Ra4 Ke7 20. Bd3 h6 21. Rha1 a6 22. Ne4 Ne8 23. Rb4 Ra7 24. Rba4 Bd5 25. Rd1 Ra8 26. Rb4 Rb8 27. Re1 f6 28. Bxa6 Nc7 29. Rxb7 Rxb7 30. Bxb7 1/2-1/2

[Event "Rhein Main op-B 19th"]
[Site "Bad Homburg"]
[Date "2016.05.29"]
[Round "7"]
[White "Laux, Dominik"]
[Black "Kessler, Soeren Sebastian"]
[Result "0-1"]
[WhiteElo "1529"]
[BlackElo "1922"]
[PlyCount "80"]
[EventDate "2016.05.25"]
[EventType "swiss"]
[EventRounds "7"]
[EventCountry "GER"]
[SourceTitle "EXT 2017"]
[Source "ChessBase"]
[SourceDate "2016.10.25"]
[SourceVersion "1"]
[SourceVersionDate "2016.10.25"]
[SourceQuality "1"]

1. d4 e6 2. Nc3 d5 3. Bf4 Bd6 4. Bg3 f5 5. e3 Nf6 6. Nf3 0-0 7. Be2 Bd7 8. Qd3 Ne4 9. Ne5 Nc6 10. Nxe4 fxe4 11. Qd2 a6 12. h4 Bxe5 13. dxe5 Ne7 14. h5 Nf5 15. Bf4 Bb5 16. 0-0-0 c5 17. g4 Bxe2 18. Qxe2 Nh4 19. Rdg1 Nf3 20. Rg3 Qa5 21. Kb1 d4 22. h6 g5 23. Rxf3 exf3 24. Qxf3 Qc7 25. Qg3 gxf4 26. exf4 Qf7 27. f5 Kh8 28. f6 Rad8 29. f4 Qg6 30. Rh3 Rg8 31. g5 Rd7 32. Kc1 Qf5 33. Kd2 c4 34. Qf3 Rc8 35. Kd1 Kg8 36. Rh2 c3 37. b3 d3 38. Kc1 dxc2 39. Rxc2 Rd3 40. Qf2 Rd2 0-1

[Event "Rhein Main op-B 19th"]
[Site "Bad Homburg"]
[Date "2016.05.26"]
[Round "3"]
[White "Koellner, Felicitas Ophelia"]
[Black "Kessler, Soeren Sebastian"]
[Result "0-1"]
[WhiteElo "1598"]
[BlackElo "1922"]
[PlyCount "116"]
[EventDate "2016.05.25"]
[EventType "swiss"]
[EventRounds "7"]
[EventCountry "GER"]
[SourceTitle "EXT 2017"]
[Source "ChessBase"]
[SourceDate "2016.10.25"]
[SourceVersion "1"]
[SourceVersionDate "2016.10.25"]
[SourceQuality "1"]

1. d4 Nf6 2. Nf3 e6 3. Nbd2 d5 4. e3 c5 5. c3 Be7 6. Bd3 b6 7. 0-0 0-0 8. dxc5 bxc5 9. e4 Nc6 10. exd5 exd5 11. Re1 Bg4 12. Qa4 Qd6 13. h3 Bd7 14. Qc2 Rfe8 15. Nf1 c4 16. Be2 Bd8 17. Rd1 Qe6 18. Re1 Ne4 19. Be3 Qg6 20. Kh2 Bc7+ 21. g3 Nxg3 22. Qxg6 Nxe2+ 23. Kg2 hxg6 24. Rxe2 Bf5 25. Ng3 Bd3 26. Rd2 Rab8 27. Ne1 Be4+ 28. Nxe4 dxe4 29. Rb1 Be5 30. Rbd1 a5 31. Bd4 Bf4 32. Re2 f5 33. Kf1 Red8 34. Ng2 Be5 35. Red2 Bxd4 36. cxd4 Nb4 37. Ne3 Rbc8 38. Rc1 f4 39. Nxc4 Nxa2 40. Ra1 Rxc4 41. Rxa2 Rd5 42. Ra1 a4 43. Rad1 Kf7 44. Ke2 Ke6 45. h4 Rb4 46. Rg1 Kf6 47. Rgd1 f3+ 48. Kf1 Kf5 49. Kg1 Kg4 50. Kh2 Kxh4 51. Rg1 g5 52. Rgd1 g4 53. Kh1 Kg5 54. Kh2 Kf4 55. Kh1 Rb6 56. Ra1 Rh6+ 57. Kg1 Rdh5 58. Rxa4 Rh1# 0-1

[Event "Oberliga Ost-B 1314"]
[Site "Germany"]
[Date "2014.03.16"]
[Round "9.8"]
[White "Engel, Johannes"]
[Black "Kessler, Soeren Sebastian"]
[Result "1-0"]
[WhiteElo "2207"]
[BlackElo "1915"]
[PlyCount "67"]
[EventDate "2013.10.13"]
[EventType "team-tourn"]
[EventRounds "11"]
[EventCountry "GER"]
[SourceTitle "EXT 2015"]
[Source "ChessBase"]
[SourceDate "2014.11.20"]
[SourceVersion "1"]
[SourceVersionDate "2014.11.20"]
[SourceQuality "1"]
[WhiteTeam "Frankfurt BvK"]
[BlackTeam "Giessen"]
[WhiteTeamCountry "GER"]
[BlackTeamCountry "GER"]

1. c4 Nf6 2. Nc3 b6 3. d4 Bb7 4. Nf3 e6 5. e3 Bb4 6. Bd3 Ne4 7. 0-0 Nxc3 8. bxc3 Bxc3 9. Rb1 Qe7 10. Rb3 Ba5 11. e4 d6 12. Ba3 c5 13. Qe2 e5 14. d5 Nd7 15. Bc1 h6 16. Bc2 0-0-0 17. Nd2 Bxd2 18. Bxd2 Kc7 19. Rfb1 Ra8 20. Rg3 g5 21. a4 a5 22. Bd1 f6 23. Rh3 Raf8 24. Rhb3 Ba6 25. Rxb6 Nxb6 26. Bxa5 Rb8 27. Qb2 Rb7 28. Bxb6+ Kb8 29. a5 Bxc4 30. Ba4 Bd3 31. Bc6 Bxb1 32. a6 Bxe4 33. axb7 Rh7 34. Ba7+ 1-0

[Event "Rhein Main op-B 16th"]
[Site "Bad Homburg"]
[Date "2013.05.30"]
[Round "2"]
[White "Kessler, Soeren Sebastian"]
[Black "Werther, Jens"]
[Result "1-0"]
[WhiteElo "1877"]
[BlackElo "1681"]
[PlyCount "37"]
[EventDate "2013.05.29"]
[EventType "swiss"]
[EventRounds "7"]
[EventCountry "GER"]
[SourceTitle "EXT 2014"]
[Source "ChessBase"]
[SourceDate "2013.11.20"]
[SourceVersion "1"]
[SourceVersionDate "2013.11.20"]
[SourceQuality "1"]

1. d4 d5 2. Nf3 Nf6 3. e3 e6 4. Bd3 Nbd7 5. 0-0 c5 6. c3 Bd6 7. Nbd2 0-0 8. Re1 Qc7 9. e4 dxe4 10. Nxe4 Nxe4 11. Rxe4 Nf6 12. Rh4 h6 13. Bxh6 gxh6 14. Qd2 Bf4 15. Rxf4 Kg7 16. Ne5 cxd4 17. cxd4 Bd7 18. Rh4 Rh8 19. Rxh6 1-0

[Event "Rhein Main op-B 15th"]
[Site "Bad Homburg"]
[Date "2012.06.07"]
[Round "3"]
[White "Titov, Leonid"]
[Black "Kessler, Soeren Sebastian"]
[Result "0-1"]
[WhiteElo "1730"]
[BlackElo "1845"]
[PlyCount "98"]
[EventDate "2012.06.06"]
[EventType "swiss"]
[EventRounds "7"]
[EventCountry "GER"]
[SourceTitle "EXT 2013"]
[Source "ChessBase"]
[SourceDate "2012.11.22"]
[SourceVersion "1"]
[SourceVersionDate "2012.11.22"]
[SourceQuality "1"]

1. e4 e6 2. d4 d5 3. e5 c5 4. f4 cxd4 5. Qxd4 Nc6 6. Qf2 b6 7. Bb5 Bd7 8. Be3 Nxe5 9. fxe5 Bxb5 10. Nf3 Rc8 11. Nd4 Ba6 12. Qf4 Qd7 13. a4 Ne7 14. Nd2 Ng6 15. Qg3 Be7 16. h4 Qd8 17. N2f3 Rg8 18. Ng5 h6 19. Ngxe6 Bxh4 20. Rxh4 Qxh4 21. Qxh4 Nxh4 22. Nf4 Ng6 23. e6 Nxf4 24. exf7+ Kxf7 25. Bxf4 Rge8+ 26. Kd2 Re4 27. Be3 Rce8 28. Re1 Kf6 29. b4 Bc4 30. Nc6 a6 31. Bd4+ Rxd4+ 32. Nxd4 Rxe1 33. Kxe1 Ke5 34. Nc6+ Kf4 35. Kf2 h5 36. g3+ Ke4 37. a5 bxa5 38. bxa5 Bb5 39. Na7 Bd7 40. Ke2 g5 41. c3 h4 42. Kf2 h3 43. g4 Kf4 44. Kg1 Kxg4 45. Kh2 Kf3 46. c4 dxc4 47. Kh1 Kg3 48. Nb5 Bxb5 49. Kg1 h2+ 0-1

[Event "Hessen-ch Gr-D 65th"]
[Site "Gladenbach"]
[Date "2011.04.23"]
[Round "3"]
[White "Kessler, Soeren Sebastian"]
[Black "Hesse, Klaus Dieter"]
[Result "1-0"]
[WhiteElo "1800"]
[BlackElo "1655"]
[PlyCount "113"]
[EventDate "2011.04.22"]
[EventType "swiss"]
[EventRounds "5"]
[EventCountry "GER"]
[SourceTitle "CBM 142 Extra"]
[Source "ChessBase"]
[SourceDate "2011.06.27"]
[SourceVersion "1"]
[SourceVersionDate "2011.06.27"]
[SourceQuality "1"]

1. c4 e5 2. g3 Nf6 3. Bg2 Nc6 4. Nc3 Bb4 5. Nd5 Nxd5 6. Bxd5 0-0 7. a3 Be7 8. e3 Bf6 9. Ne2 Qe7 10. Bg2 d6 11. Nc3 Be6 12. Nd5 Bxd5 13. cxd5 Nd8 14. 0-0 c6 15. Rb1 e4 16. Qb3 Qe5 17. dxc6 bxc6 18. d3 exd3 19. Qxd3 d5 20. b4 Qc3 21. Qxc3 Bxc3 22. Bb2 Bxb2 23. Rxb2 Rb8 24. Rc2 f5 25. f3 Rb6 26. e4 fxe4 27. fxe4 Rxf1+ 28. Kxf1 dxe4 29. Bxe4 g6 30. Ke2 Kf7 31. Ke3 Ke7 32. h4 Kf6 33. g4 h6 34. Rf2+ Kg7 35. Rd2 Nf7 36. Kd4 g5 37. h5 Kf6 38. Rf2+ Ke7 39. Bf5 Ra6 40. Re2+ Kd8 41. Re6 Rxa3 42. Bg6 Rf3 43. Rxc6 Rf4+ 44. Kd5 Kd7 45. Ra6 Kc8 46. Rxa7 Nd8 47. Bf5+ Kb8 48. Rd7 Nb7 49. b5 Ka7 50. Rh7 Kb6 51. Rxh6+ Kxb5 52. Bd3+ Ka4 53. Ra6+ Na5 54. h6 Rf8 55. h7 Kb4 56. Rg6 Rd8+ 57. Ke4 1-0

[Event "Hessen-ch Gr-D 65th"]
[Site "Gladenbach"]
[Date "2011.04.22"]
[Round "2"]
[White "Kessler, Soeren Sebastian"]
[Black "Fichtl, Andreas"]
[Result "1-0"]
[WhiteElo "1800"]
[BlackElo "1817"]
[PlyCount "61"]
[EventDate "2011.04.22"]
[EventType "swiss"]
[EventRounds "5"]
[EventCountry "GER"]
[SourceTitle "CBM 142 Extra"]
[Source "ChessBase"]
[SourceDate "2011.06.27"]
[SourceVersion "1"]
[SourceVersionDate "2011.06.27"]
[SourceQuality "1"]

1. c4 c5 2. g3 Nc6 3. Bg2 b6 4. Nf3 Bb7 5. d4 cxd4 6. Nxd4 e6 7. 0-0 Nf6 8. Nc3 Bc5 9. Ndb5 0-0 10. Nd6 Ba6 11. Ncb5 Bxd6 12. Nxd6 Ne8 13. b3 Qc7 14. Ba3 Qd8 15. Nb5 Ne7 16. Bxa8 Bxb5 17. cxb5 Nc7 18. Bf3 Nxb5 19. Bb2 Re8 20. Rc1 d5 21. Qd3 Nd6 22. Rfd1 Ng6 23. e4 Qg5 24. exd5 Nf4 25. Qc3 exd5 26. Qxg7+ Qxg7 27. Bxg7 Ne2+ 28. Bxe2 Rxe2 29. Bh6 Re6 30. Bf4 Ne4 31. Rxd5 1-0

[Event "Rhein Main op 13th"]
[Site "Bad Homburg"]
[Date "2010.06.03"]
[Round "2"]
[White "Kessler, Soeren Sebastian"]
[Black "Schimmer, Michael"]
[Result "0-1"]
[WhiteElo "1789"]
[BlackElo "1900"]
[PlyCount "86"]
[EventDate "2010.06.02"]
[EventType "swiss"]
[EventRounds "7"]
[EventCountry "GER"]
[SourceTitle "EXT 2011"]
[Source "ChessBase"]
[SourceDate "2010.11.26"]
[SourceVersion "1"]
[SourceVersionDate "2010.11.26"]
[SourceQuality "1"]

1. f4 g6 2. Nf3 Bg7 3. e3 Nf6 4. Be2 0-0 5. 0-0 d6 6. d3 c5 7. a4 Nc6 8. Na3 a6 9. Bd2 Rb8 10. c3 b5 11. axb5 axb5 12. e4 Ba6 13. Nh4 e6 14. Qe1 b4 15. Nc2 Qb6 16. Be3 Qb7 17. c4 b3 18. Na3 Nd7 19. Qc1 Nb6 20. f5 Nd4 21. Bg4 exf5 22. exf5 Qe7 23. Bg5 f6 24. Be3 g5 25. Bxd4 cxd4 26. Nf3 Qe3+ 27. Qxe3 dxe3 28. Rfe1 d5 29. Nb1 Ra8 30. c5 Nd7 31. d4 Bc4 32. Rxa8 Rxa8 33. Nc3 Bf8 34. Kh1 Nxc5 35. dxc5 Bxc5 36. Rd1 e2 37. Rc1 Be3 38. Re1 Bf2 39. Rc1 Re8 40. Ne1 d4 41. Nb1 Ba6 42. Nd2 Be3 43. Nef3 Bxd2 0-1

[Event "Rhein Main op 13th"]
[Site "Bad Homburg"]
[Date "2010.06.02"]
[Round "1"]
[White "Koch, Markus"]
[Black "Kessler, Soeren Sebastian"]
[Result "1-0"]
[WhiteElo "2086"]
[BlackElo "1789"]
[PlyCount "171"]
[EventDate "2010.06.02"]
[EventType "swiss"]
[EventRounds "7"]
[EventCountry "GER"]
[SourceTitle "EXT 2011"]
[Source "ChessBase"]
[SourceDate "2010.11.26"]
[SourceVersion "1"]
[SourceVersionDate "2010.11.26"]
[SourceQuality "1"]

1. d4 e6 2. e4 d5 3. e5 c5 4. c3 Nc6 5. Nf3 Bd7 6. Be2 Nge7 7. 0-0 Ng6 8. a3 f6 9. exf6 Qxf6 10. c4 Nxd4 11. cxd5 exd5 12. Nc3 Bc6 13. Nxd4 Qxd4 14. Qxd4 cxd4 15. Nb5 Kf7 16. Nxd4 Bd6 17. g3 Rhe8 18. Be3 Bc5 19. Rfd1 Bb6 20. Rac1 Rac8 21. Bg4 Rc7 22. Bh5 Kf6 23. h4 h6 24. Kg2 Ree7 25. b3 Ne5 26. Be2 g5 27. hxg5+ hxg5 28. Rh1 Rh7 29. b4 Nc4 30. Bxc4 dxc4+ 31. Nxc6 Rxh1 32. Rxh1 Rxc6 33. b5 Rc7 34. Rh6+ Kf5 35. Bc1 Re7 36. Rh5 Rg7 37. f4 Bd8 38. Kf3 Kg6 39. Rh8 Bf6 40. fxg5 Be5 41. Kg4 c3 42. Rh6+ Kf7 43. Kf5 Bxg3 44. g6+ Kg8 45. Rh3 Be1 46. Re3 Rd7 47. Rxe1 c2 48. Bb2 Rd5+ 49. Kf6 Rd6+ 50. Kg5 Rd8 51. Re2 Rc8 52. Rh2 c1Q+ 53. Bxc1 Rxc1 54. Rf2 a6 55. bxa6 Rg1+ 56. Kf6 bxa6 57. a4 Ra1 58. Rf4 Ra2 59. Rg4 Rf2+ 60. Ke6 Kg7 61. Kd6 Rf5 62. Kc6 Rf6+ 63. Kb7 Re6 64. a5 Re7+ 65. Kxa6 Re6+ 66. Kb5 Re5+ 67. Ka4 Re6 68. Rg5 Re1 69. Kb5 Rb1+ 70. Ka6 Re1 71. Rc5 Rb1 72. Rb5 Re1 73. Rb6 Re5 74. Rc6 Re1 75. Kb7 Rb1+ 76. Kc7 Ra1 77. a6 Ra2 78. Kb7 Rb2+ 79. Rb6 Re2 80. a7 Re7+ 81. Ka6 Re8 82. Rb8 Re6+ 83. Rb6 Re8 84. Rc6 Kh8 85. Kb7 Re7+ 86. Rc7 1-0

[Event "Rhein Main op 12th"]
[Site "Bad Homburg"]
[Date "2009.06.13"]
[Round "6"]
[White "Kessler, Soeren Sebastian"]
[Black "Plattner, Rolf"]
[Result "1-0"]
[WhiteElo "1460"]
[BlackElo "1932"]
[PlyCount "111"]
[EventDate "2009.06.10"]
[EventType "swiss"]
[EventRounds "7"]
[EventCountry "GER"]
[SourceTitle "CBM 131 Extra"]
[Source "ChessBase"]
[SourceDate "2009.09.03"]
[SourceVersion "2"]
[SourceVersionDate "2009.09.16"]
[SourceQuality "1"]

1. d4 Nf6 2. c4 e6 3. Nf3 Bb4+ 4. Nc3 b6 5. g3 Bb7 6. Bg2 0-0 7. 0-0 Bxc3 8. bxc3 d6 9. a4 a5 10. Qb3 Na6 11. Rd1 Qe7 12. Ba3 Rfb8 13. Qb5 Qe8 14. Rab1 Bc6 15. Qb2 Bxa4 16. Rd2 Bc6 17. Rbd1 Ne4 18. Rd3 Nf6 19. d5 exd5 20. cxd5 Qd8 21. dxc6 Nc5 22. Bxc5 bxc5 23. Qa2 Qc8 24. Ng5 Qf8 25. Rb1 Rxb1+ 26. Qxb1 h6 27. Ne4 Ng4 28. f4 f5 29. Qa2+ Kh8 30. Nf2 Nf6 31. c4 Qe7 32. Ra3 Kh7 33. Kf1 h5 34. Rxa5 Rxa5 35. Qxa5 Qe3 36. Qe1 Qd4 37. Qc1 Ng4 38. Nxg4 hxg4 39. Qc2 g6 40. h3 gxh3 41. Bxh3 d5 42. Qd3 Qa1+ 43. Kf2 d4 44. g4 Qc1 45. Kf3 Qh1+ 46. Kg3 Qe1+ 47. Kg2 Qh4 48. Qg3 Qe7 49. Qf3 Qe6 50. gxf5 Qxc4 51. fxg6+ Kg7 52. f5 Qg8 53. f6+ Kxg6 54. Qg4+ Kf7 55. Qxg8+ Kxg8 56. Be6+ 1-0

[Event "Rhein Main op 12th"]
[Site "Bad Homburg"]
[Date "2009.06.13"]
[Round "5"]
[White "Minor, Dieter"]
[Black "Kessler, Soeren Sebastian"]
[Result "1/2-1/2"]
[WhiteElo "1848"]
[BlackElo "1460"]
[PlyCount "63"]
[EventDate "2009.06.10"]
[EventType "swiss"]
[EventRounds "7"]
[EventCountry "GER"]
[SourceTitle "CBM 131 Extra"]
[Source "ChessBase"]
[SourceDate "2009.09.03"]
[SourceVersion "2"]
[SourceVersionDate "2009.09.16"]
[SourceQuality "1"]

1. e4 e6 2. Nf3 d5 3. exd5 exd5 4. d4 Nf6 5. Bf4 Bg4 6. Bd3 Be7 7. 0-0 0-0 8. Nbd2 Nbd7 9. c3 Re8 10. Qc2 h6 11. Rae1 Nh5 12. Be3 Bd6 13. b3 Nf4 14. c4 Nxd3 15. Qxd3 Nf6 16. c5 Bf8 17. Ne5 c6 18. f3 Be6 19. f4 g6 20. Nxg6 fxg6 21. Qxg6+ Bg7 22. Nf3 Bf7 23. Qg3 Ne4 24. Qh3 Qf6 25. g4 Be6 26. f5 Bf7 27. Re2 Ng5 28. Bxg5 hxg5 29. Ne5 Qh6 30. Qf3 Bf6 31. Qe3 Re7 32. h4 1/2-1/2